Flags of the world in random order - Statistics

General Stats
  • This quiz has been taken 936 times
  • The average score is 165 of 196
Answer Stats
Picture Answer % Correct
Australia
95%
Turkey
95%
South Korea
94%
Cyprus
93%
Denmark
93%
Egypt
93%
France
93%
Greece
93%
Nepal
93%
Poland
93%
Singapore
93%
Spain
93%
United States
93%
Finland
92%
Ireland
92%
Italy
92%
Kyrgyzstan
92%
Monaco
92%
Morocco
92%
Uruguay
92%
Bangladesh
91%
Belgium
91%
Brazil
91%
Cambodia
91%
Canada
91%
Japan
91%
Nigeria
91%
Portugal
91%
Qatar
91%
Serbia
91%
Slovakia
91%
South Africa
91%
Ukraine
91%
Colombia
90%
Costa Rica
90%
Ecuador
90%
Israel
90%
Kenya
90%
Lebanon
90%
Norway
90%
Russia
90%
San Marino
90%
Saudi Arabia
90%
Thailand
90%
Algeria
89%
Argentina
89%
Bosnia & Herzegovina
89%
Chile
89%
China
89%
Czech Republic
89%
Georgia
89%
Iceland
89%
Kosovo
89%
Luxembourg
89%
Mexico
89%
Romania
89%
Sri Lanka
89%
Estonia
88%
Indonesia
88%
Iran
88%
Malaysia
88%
Netherlands
88%
Panama
88%
Slovenia
88%
Somalia
88%
Syria
88%
Trinidad & Tobago
88%
Uganda
88%
Venezuela
88%
Barbados
87%
Belarus
87%
Honduras
87%
Malta
87%
New Zealand
87%
Sweden
87%
Tunisia
87%
Vietnam
87%
Albania
86%
Angola
86%
Ghana
86%
Hungary
86%
Iraq
86%
Jamaica
86%
Latvia
86%
Libya
86%
Malawi
86%
North Korea
86%
Paraguay
86%
United Kingdom
86%
Andorra
85%
Azerbaijan
85%
Dominican Republic
85%
El Salvador
85%
Guatemala
85%
Ivory Coast
85%
Liechtenstein
85%
Moldova
85%
Pakistan
85%
Palau
85%
Seychelles
85%
Armenia
84%
Brunei
84%
Bulgaria
84%
Chad
84%
F.S. of Micronesia
84%
Germany
84%
Laos
84%
Madagascar
84%
Montenegro
84%
Niger
84%
North Macedonia
84%
Senegal
84%
Taiwan
84%
Zambia
84%
Bahamas
83%
Cuba
83%
Ethiopia
83%
India
83%
Mongolia
83%
Mozambique
83%
Papua New Guinea
83%
Tonga
83%
Vatican City
83%
Bahrain
82%
Bhutan
82%
Croatia
82%
Eritrea
82%
Eswatini
82%
Fiji
82%
Kiribati
82%
Lesotho
82%
Mauritania
82%
Nicaragua
82%
Oman
82%
Philippines
82%
Switzerland
82%
Tajikistan
82%
Tanzania
82%
Vanuatu
82%
Yemen
82%
Zimbabwe
82%
Botswana
81%
Comoros
81%
Dominica
81%
D.R. Congo
81%
Jordan
81%
Nauru
81%
Peru
81%
South Sudan
81%
Austria
80%
Cameroon
80%
Grenada
80%
Marshall Islands
80%
Mauritius
80%
Myanmar
80%
Samoa
80%
Togo
80%
Central African Republic
79%
Haiti
79%
Kazakhstan
79%
Kuwait
79%
Liberia
79%
St. Lucia
79%
Turkmenistan
79%
Tuvalu
79%
Antigua and Barbuda
78%
Belize
78%
Burundi
78%
Cape Verde
78%
East Timor
78%
Lithuania
78%
Maldives
78%
Suriname
78%
Afghanistan
77%
Burkina Faso
77%
Rep. of the Congo
77%
Sao Tome & Principe
77%
Sierra Leone
77%
Solomon Islands
77%
United Arab Emirates
77%
Uzbekistan
77%
Benin
76%
St. Kitts & Nevis
76%
Sudan
76%
Equatorial Guinea
75%
Djibouti
74%
St. Vincent and the Grenadines
74%
Rwanda
73%
Namibia
72%
Gabon
70%
Gambia
70%
Guinea-Bissau
70%
Guyana
70%
Bolivia
69%
Guinea
68%
Mali
68%
No matching quizzes found
Score Distribution
Percent of People with Each Score
Percentile by Number Answered
Your Score History
You have not taken this quiz